Osobitosti personálneho manažmentu multinacionálneho podniku so zvláštnym zreteľom na kultúru dizertačná práca

Guardado en:
Detalles Bibliográficos
Autor principal: Marek, Ľuboš
Autor Corporativo: Ekonomická univerzita v Bratislave. Fakulta podnikového manažmentu
Otros Autores: Sršňová, Jana
Formato: Libro
Lenguaje:eslovaco
Publicado: Bratislava 2007
Materias:
Etiquetas: Agregar Etiqueta
Sin Etiquetas, Sea el primero en etiquetar este registro!

MARC

LEADER 00000nam$a2200000$$$4500
001 0090513
005 20240109071105.7
041 0 |a slo 
044 |a SK 
245 1 0 |a Osobitosti personálneho manažmentu multinacionálneho podniku so zvláštnym zreteľom na kultúru  |b dizertačná práca  |c Ľuboš Marek ; škol. Jana Sršňová 
264 1 |a Bratislava  |c 2007 
300 |a 123 s. 
610 2 0 |a podnik multinacionálny 
610 2 0 |a manažment personálny 
610 2 0 |a kultúra 
100 1 |a Marek, Ľuboš 
700 1 |a Sršňová, Jana 
710 2 |a Ekonomická univerzita v Bratislave. Fakulta podnikového manažmentu